<?xml version="1.0" encoding="UTF-8"?><?xml-stylesheet type="text/xsl" href="static/style.xsl"?><OAI-PMH xmlns="http://www.openarchives.org/OAI/2.0/" xmlns:xsi="http://www.w3.org/2001/XMLSchema-instance" xsi:schemaLocation="http://www.openarchives.org/OAI/2.0/ http://www.openarchives.org/OAI/2.0/OAI-PMH.xsd"><responseDate>2026-04-14T02:48:17Z</responseDate><request verb="GetRecord" identifier="oai:www.recercat.cat:2117/341569" metadataPrefix="marc">https://recercat.cat/oai/request</request><GetRecord><record><header><identifier>oai:recercat.cat:2117/341569</identifier><datestamp>2026-01-18T04:30:40Z</datestamp><setSpec>com_2072_1033</setSpec><setSpec>col_2072_452950</setSpec></header><metadata><record xmlns="http://www.loc.gov/MARC21/slim" xmlns:dcterms="http://purl.org/dc/terms/" xmlns:xsi="http://www.w3.org/2001/XMLSchema-instance" xmlns:doc="http://www.lyncode.com/xoai" xsi:schemaLocation="http://www.loc.gov/MARC21/slim http://www.loc.gov/standards/marcxml/schema/MARC21slim.xsd">
   <leader>00925njm 22002777a 4500</leader>
   <datafield ind2=" " ind1=" " tag="042">
      <subfield code="a">dc</subfield>
   </datafield>
   <datafield ind2=" " ind1=" " tag="720">
      <subfield code="a">Giné Blasco, Ariadna</subfield>
      <subfield code="e">author</subfield>
   </datafield>
   <datafield ind2=" " ind1=" " tag="720">
      <subfield code="a">Monfort, Patricia</subfield>
      <subfield code="e">author</subfield>
   </datafield>
   <datafield ind2=" " ind1=" " tag="720">
      <subfield code="a">Sorribas Royo, Francisco Javier</subfield>
      <subfield code="e">author</subfield>
   </datafield>
   <datafield ind2=" " ind1=" " tag="260">
      <subfield code="c">2021-01-26</subfield>
   </datafield>
   <datafield ind2=" " ind1=" " tag="520">
      <subfield code="a">The thermal requirements of Meloidogyne incognita on Phaseolus vulgaris in a set of constant soil temperatures were determined and the phenology model was validated at fluctuating soil temperatures. The base temperature (Tb) and the thermal constant (S) from nematode inoculation to females starting to lay eggs were 11.3 °C and 323 accumulated degree days (DD), respectively; Tb = 10.5 °C and S = 147 DD from egg production to emergence of juveniles; and Tb = 11.1 °C and S = 476 DD for life cycle completion. At fluctuating soil temperatures in pots with the minimum lower than Tb and the maximum higher than To (optimal temperature), the DD calculation was carried out by the average daily temperature–Tb (ADTb) and the single sine method over Tb (SSTb) with horizontal, intermediate, and vertical cutoffs. The most accurate were the ADTb and the SSTb with horizontal and intermediate cutoffs (93–106% of the predicted value) but the vertical underestimated the accumulated DD (75–82% of the predicted value). When fluctuating soil temperatures were between Tb and To in a plastic greenhouse, only the ADTb method was used. Life cycle completion was observed around 465 DD (accuracy between 0.95 and 0.99) at four different transplanting dates</subfield>
   </datafield>
   <datafield ind2=" " ind1=" " tag="520">
      <subfield code="a">Postprint (published version)</subfield>
   </datafield>
   <datafield tag="653" ind2=" " ind1=" ">
      <subfield code="a">Àrees temàtiques de la UPC::Enginyeria agroalimentària::Agricultura</subfield>
   </datafield>
   <datafield tag="653" ind2=" " ind1=" ">
      <subfield code="a">Beans--Diseases and pests</subfield>
   </datafield>
   <datafield tag="653" ind2=" " ind1=" ">
      <subfield code="a">Melodogyne</subfield>
   </datafield>
   <datafield tag="653" ind2=" " ind1=" ">
      <subfield code="a">Agrotech</subfield>
   </datafield>
   <datafield tag="653" ind2=" " ind1=" ">
      <subfield code="a">Nematodes fitoparàsits</subfield>
   </datafield>
   <datafield ind2="0" ind1="0" tag="245">
      <subfield code="a">Creation and validation of a temperature-based phenology model for meloidogyne incognita on common bean</subfield>
   </datafield>
</record></metadata></record></GetRecord></OAI-PMH>